|
|
|
|
| LEADER |
00000nam2a2200000 4500 |
| 001 |
255126 |
| 005 |
20231031215052.0 |
| 035 |
|
|
|a (RuTPU)RU\TPU\book\277629
|
| 035 |
|
|
|a RU\TPU\book\277080
|
| 090 |
|
|
|a 255126
|
| 100 |
|
|
|a 20140326d1989 k y0rusy50 ca
|
| 101 |
0 |
|
|a rus
|
| 102 |
|
|
|a UA
|
| 105 |
|
|
|a a z 001zy
|
| 200 |
0 |
|
|a Вып. 36
|f отв. ред. В. Т. Скляр
|
| 210 |
|
|
|d 1989
|
| 215 |
|
|
|a 76 с.
|c ил.
|
| 320 |
|
|
|a Библиография в конце статей
|
| 461 |
|
1 |
|0 (RuTPU)RU\TPU\book\149550
|x 0548-1406
|t Нефтепереработка и нефтехимия
|o республиканский межведомственный сборник научных трудов
|f Академия наук Украинской ССР (АН УССР)
|v Вып. 36
|d 1965-1991
|
| 606 |
1 |
|
|a Нефть
|x Химия
|2 stltpush
|3 (RuTPU)RU\TPU\subj\33709
|
| 610 |
1 |
|
|a нефтепереработка
|
| 610 |
1 |
|
|a технология
|
| 610 |
1 |
|
|a нефтехимический синтез
|
| 610 |
1 |
|
|a ПАВ
|
| 610 |
1 |
|
|a применение
|
| 610 |
1 |
|
|a присадки
|
| 610 |
1 |
|
|a смазочные масла
|
| 610 |
1 |
|
|a смазочно-охлаждающие жидкости
|
| 610 |
1 |
|
|a углеводородные системы
|
| 610 |
1 |
|
|a анализ
|
| 610 |
1 |
|
|a физико-химические методы
|
| 610 |
1 |
|
|a сборники
|
| 675 |
|
|
|a 665.6
|v 3
|
| 702 |
|
1 |
|a Скляр
|b В. Т.
|4 340
|
| 801 |
|
1 |
|a RU
|b 63413507
|c 20061125
|g PSBO
|
| 801 |
|
2 |
|a RU
|b 63413507
|c 20160530
|g PSBO
|
| 942 |
|
|
|c BK
|